| 000 | 01267nam0a22003131 4500 | ||
|---|---|---|---|
| 001 | rc\4834587 | ||
| 005 | 20260406193408.0 | ||
| 021 |
_aRU _b[66-86215] |
||
| 035 | _a(NLR Aleph) 008890596 | ||
| 090 |
_a8640065 _c8640065 |
||
| 100 | _a20130426d1966 |||y0rusy50 ca | ||
| 101 | 0 | _arus | |
| 102 | _aRU | ||
| 105 | _aa z ||||| | ||
| 200 | 1 |
_aТермическая переработка сланца-кукерсита _fПод ред. проф. д-ра техн. наук М.Я. Губергрица _gАН Эст. ССР. Ин-т химии |
|
| 210 |
_aТаллин _cВалгус _d1966 |
||
| 215 |
_a356 с. _cчерт. _d22 |
||
| 300 | _aНа обороте тит. л. авт.: Б.Х. Бродская, И.С. Галынкер, М.Я. Губергриц и др. | ||
| 320 | _aБиблиогр.: с. 335-350 (444 назв.) | ||
| 606 |
_aСланец-кукерсит _xТермическая переработка _2psbo |
||
| 701 | 1 |
_aБродская _bБ.Х. |
|
| 701 | 1 |
_aГалынкер _bИ.С. |
|
| 701 | 1 |
_aГубергриц _bМ.Я. _4340 |
|
| 712 | 0 | 2 |
_aИнститут химии _cТаллин _3RU\NLR\AUTH\889956132 _9408380 |
| 801 | 0 |
_aRU _bNLR _gpsbo |
|
| 801 | 1 |
_aRU _bELAR _2rusmarc |
|
| 852 |
_aNLR _j66-5/5294 |
||
| 942 | _cBOOK | ||
| 980 | _aNB | ||